00658nam a2200205Ia 450000500170000000800410001702000260005804000190008404100120010308200150011510000160013024500690014626000280021530000140024350400500025763000430030765000330035065100590038385000100044220230215141110.0131103s9999 xx 000 0 und d a826454666cRs.2308.00 aLoreto College aEnglish a820.9bTHI aThieme,John aPostcolonial con-textsb Writing back to the canon cJohn Thieme aLondonbContinuumc2001 avii,200p  aIncludes bibliographical references and index aPostcolonialism-Commonwealth countries aDecolonization in literature aCommonwealth literature(English)-History and criticism aLCLIB